|
|
|
|
| LEADER |
00000ny a22000003n 4500 |
| 005 |
20110527103811.0 |
| 008 |
080625s2001 sp s 000 0 spa c |
| 020 |
|
|
|a 8484940152
|
| 035 |
|
|
|a 431
|
| 040 |
|
|
|a UMA.RE
|d vLex
|
| 080 |
|
|
|a 336.226.4(460)"1992"(094)(0.034)
|
| 090 |
|
|
|c 315
|d 315
|
| 100 |
1 |
|
|a Gonzl̀ez Sǹchez, Manuel
|
| 245 |
1 |
0 |
|a Ley 38/1992, de 28 de diciembre, de impuestos especiales
|h [Recurso electrn̤ico]
|c Manuel Gonzl̀ez Sǹchez, Carlos Mara̕ Lp̤ez Espadafor
|
| 256 |
|
|
|a Servicio en ln̕ea
|
| 260 |
|
|
|a [Madrid] :
|b Edersa,
|c 2001
|
| 506 |
1 |
|
|a Contenido solo disponible en los productos indicados
|d vLex Global
|d vLex Global (Academic Edition, excluding Law Schools)
|d vLex Global (U.S. Academic Edition, Law Schools)
|d vLex Global (U.S. Academic Edition, excluding Law Schools)
|d vLex Global (Academic Edition, Law Schools)
|
| 650 |
0 |
7 |
|a Tributario
|2 Tesauro vLex
|
| 650 |
0 |
7 |
|a Impuestos
|2 Tesauro vLex
|
| 650 |
0 |
7 |
|a Derecho tributario
|2 Tesauro vLex
|
| 650 |
0 |
7 |
|a Impuestos especiales
|2 Tesauro vLex
|
| 700 |
1 |
|
|a Lp̤ez Espadafor, Carlos Mara̕
|
| 710 |
1 |
|
|a Espaą.
|t Ley de impuestos especiales, 1992
|
| 740 |
0 |
|
|a vLex Libros (Servicios en ln̕ea)
|
| 856 |
4 |
0 |
|u http://vlex.com/source/431
|z Acceso restringido
|
| 942 |
|
|
|c BOOK
|
| 999 |
0 |
|
|a Taxation
|b Madrid
|